Các quy định pháp luật về quản lý viện trợ đối với quốc gia và vay vốn nước ngoài của doanh nghiệp
Giới thiệu các quy định pháp luật về quản lý viện trợ đối với quốc gia và vay vốn nước ngoài của doanh nghiệp
保存先:
| フォーマット: | 図書 |
|---|---|
| 言語: | Undetermined |
| 出版事項: |
Hà Nội
Chính Trị Quốc Gia
1998
|
| 主題: | |
| タグ: |
タグ追加
タグなし, このレコードへの初めてのタグを付けませんか!
|
| Thư viện lưu trữ: | Trung tâm Học liệu Trường Đại học Cần Thơ |
|---|
| LEADER | 00889nam a2200205Ia 4500 | ||
|---|---|---|---|
| 001 | CTU_43525 | ||
| 008 | 210402s9999 xx 000 0 und d | ||
| 020 | |c 17000 | ||
| 082 | |a 346.597065 | ||
| 082 | |b C101 | ||
| 245 | 0 | |a Các quy định pháp luật về quản lý viện trợ đối với quốc gia và vay vốn nước ngoài của doanh nghiệp | |
| 260 | |a Hà Nội | ||
| 260 | |b Chính Trị Quốc Gia | ||
| 260 | |c 1998 | ||
| 520 | |a Giới thiệu các quy định pháp luật về quản lý viện trợ đối với quốc gia và vay vốn nước ngoài của doanh nghiệp | ||
| 650 | |a Business enterprises,Commercial law,Economics | ||
| 650 | |x Law and legislation,Law and legislation | ||
| 650 | |z Vietnam | ||
| 904 | |i Minh, Nguyên | ||
| 980 | |a Trung tâm Học liệu Trường Đại học Cần Thơ | ||